Memorias: testimonio de un soldado

Uloženo v:
Podrobná bibliografie
Hlavní autor: Prats González, Carlos (Autor)
Médium: Kniha
Jazyk:španělština
Vydáno: Santiago, Chile Pehuén 1985
Témata:
Tagy: Přidat tag
Žádné tagy, Buďte první, kdo vytvoří štítek k tomuto záznamu!

MARC

LEADER 00000cam a2200000 a 4500
001 UCP6378
003 CL-VaPUC
005 20231102131903.0
008 991022e19850000CL |||||||||||||||||spa|d
999 |c 283965  |d 283963 
040 |c Pontificia Universidad Católica de Valparaíso 
082 0 4 |a 923.5 PRA 1985  |2 21 
100 |a Prats González, Carlos  |e author  |9 499359 
245 1 0 |a Memorias:  |b  testimonio de un soldado 
260 |a Santiago, Chile  |b Pehuén  |c 1985 
300 |a 610 páginas 
583 |a last modification  |c 20160316 01:20:24  |k Rodrigo Vera 
650 7 |a HISTORIA DE CHILE  |2 CL-VaPUC  |9 418252  |y 1970-1973 
650 7 |a MEMORIAS  |2 CL-VaPUC  |9 269159  |z CHILE 
650 0 |a Gobierno militar   |z CHILE  |9 316360 
650 0 |a Unidad popular  |z CHILE  |9 317409 
852 |a BIBCUR 
942 |c BK  |2 ddc 
945 |d 19991022 00:00:00  |a lriquelm 
952 |0 0  |1 0  |2 ddc  |4 0  |6 923_500000000000000_PRA_1985  |7 0  |8 A  |9 327530  |a BIBHIS  |b BIBHIS  |d 2019-11-20  |i 1383426  |l 2  |o 923.5 PRA 1985  |p 1383426  |r 2025-05-05  |s 2025-05-05  |t 1  |w 2019-11-20  |y BK  |k HIS 
952 |0 0  |1 0  |2 ddc  |3 erb  |4 0  |6 923_500000000000000_PRA_1985  |7 0  |8 X  |9 327531  |a FDOBUD  |b FDOBUD  |i 5217911  |o 923.5 PRA 1985  |p 5217911  |r 2019-11-20  |t 2  |w 2019-11-20  |y BK_X  |z Catalogado en:20160316  |k BUD